000 00660nam a22001937a 4500
999 _c11632
_d11632
003 OSt
005 20200228113707.0
008 181213b ||||| |||| 00| 0 eng d
022 _a00116009
040 _c0
082 _aDPer 792.805 D19 Mar-Aug 2016 v. 90, n. 3-8
100 _aHamilton, Linda.
_933273
245 _aI hate my co-worker:
_bhow to deal with a bad apple at your company, plus tips for keeping injury at bay/
_cLinda Hamilton.
260 _aNew York:
_bDance Media,
_c©Mar-Aug 2016.
300 _av90 n8, page 22.
_bcolored illustration:
_c25 cm.
500 _aDance magazine
650 _aBallet dancer
_xStruggles.
_933274
942 _2ddc
_cPER